Stuff Matters Genius, Risk And The Secret Of Capitalism (Record no. 41391)
[ view plain ]
| 000 -LEADER | |
|---|---|
| fixed length control field | 00397nam a2200145Ia 4500 |
| 008 - FIXED-LENGTH DATA ELEMENTS--GENERAL INFORMATION | |
| fixed length control field | 240719s9999 xx 000 0 und d |
| 041 ## - LANGUAGE CODE | |
| Language code of text/sound track or separate title | eng |
| 082 ## - DEWEY DECIMAL CLASSIFICATION NUMBER | |
| Classification number | 338.1 BIN |
| 100 ## - MAIN ENTRY--PERSONAL NAME | |
| Personal name | Bingham, Harry |
| 245 ## - TITLE STATEMENT | |
| Title | Stuff Matters Genius, Risk And The Secret Of Capitalism |
| 260 ## - PUBLICATION, DISTRIBUTION, ETC. | |
| Place of publication, distribution, etc. | London |
| Name of publisher, distributor, etc. | Fourth Estate |
| Date of publication, distribution, etc. | 2010 |
| 300 ## - PHYSICAL DESCRIPTION | |
| Extent | 366;. P. 23 Cm |
| 365 ## - TRADE PRICE | |
| Currency code | BPS |
| Price amount | 20 |
| 520 ## - SUMMARY, ETC. | |
| Summary, etc. | Gifted By : IMT Faculty |
| Withdrawn status | Lost status | Damaged status | Not for loan | Home library | Current library | Shelving location | Date acquired | Full call number | Barcode | Date last seen | Price effective from | Koha item type | Public note |
|---|---|---|---|---|---|---|---|---|---|---|---|---|---|
| IMTN | IMTN | Rack 11-B | 07/17/2023 | 338.1 BIN | 33086 | 07/19/2024 | 07/19/2024 | Books | Gifted |